00603 2200205 4500001002100000005001500021035002000036007000300056008004100059020002200100082001200122084001800134100002400152245008800176260003800264300003800302650002100340650001300361650002300374INLIS00000000000149120250910031047 a0010-0925000005ta250910 g 0 ind  a978-979-582-326-1 a631.152 a631.152 AND p0 aAndi Amran Sulaiman1 aPertanian Modern : Solusi Inovatif Menuju Kemandirian Pangan /cAndi Amran Sulaiman aJakarta :bPertanian Press,c2024 a60 hlm, :bilus, ;c20 cm x 25 cm 4aPertanian Modern 4aInovatif 4aKemandirian Pangan